| 000 | 00583nam a2200169 a 4500 | ||
|---|---|---|---|
| 001 | 000025218 | ||
| 005 | 20240304185510.0 | ||
| 008 | 110211s2009 dr r 000 0 spa d | ||
| 040 |
_aDO-SdBNP _bspa _cBNPHU |
||
| 082 |
_axxxx _bS583e |
||
| 100 | 1 |
_a Silié Gatón, José A., _d1920-2014 _9747 |
|
| 245 | 1 | 0 |
_aÉtica Profesional / _cJosé A. Silié Gatón ; prólogo Víctor Melitón Rodríguez R. |
| 260 |
_aSanto Domingo : _bLa Filantrópica, _c2009. |
||
| 300 |
_a224 p. ; _c20 cm. |
||
| 504 | _aBibliografía : p. 223-224 | ||
| 700 | 1 |
_aRodríguez R., Víctor Melitón, _epról. _97367 |
|
| 999 |
_c24711 _d24711 |
||